| 000 | 00443nam a2200169 i 4500 | ||
|---|---|---|---|
| 001 | 34817 | ||
| 003 | ES-MaACL | ||
| 005 | 20230906155013.0 | ||
| 007 | t| | ||
| 008 | 030211q1912 fr ||||1| fre d | ||
| 100 | 1 |
_aBossert, Adolphe. _930714 |
|
| 245 | 1 | 0 |
_aHistoire de la littérature allemande / _cA. Bossert. |
| 250 | _a4em. ed. | ||
| 260 |
_aParÃs : _bHachette, _c1912? |
||
| 300 |
_aX, 1156 p. ; _c20 cm. |
||
| 852 |
_aES-MaACL _jA-2277 |
||
| 999 |
_c34817 _d34817 |
||